Chile en veinte años. Un recorrido a través de los informes sobre desarrollo humano.
Spremljeno u:
| Glavni autor: | |
|---|---|
| Daljnji autori: | , , , |
| Format: | Nepoznato |
| Izdano: |
Santiago, Chile:
LOM ediciones; PNUD,
2017.
|
| Izdanje: | 1ª ed. |
| Serija: | Libros del Ciudadano
|
| Teme: | |
| Oznake: |
Dodaj oznaku
Bez oznaka, Budi prvi tko označuje ovaj zapis!
|
MARC
| LEADER | 00000 a2200000 4500 | ||
|---|---|---|---|
| 003 | CL-VaPUC | ||
| 005 | 20230117165950.0 | ||
| 008 | 230109t2017 ||||| |||| 00| 0 eng d | ||
| 999 | |c 439405 |d 439403 | ||
| 020 | |a 978-956-00-0960-9 | ||
| 040 | |c Pontificia Universidad Católica de Valparaíso | ||
| 082 | |a 338.91 MAR 2017 | ||
| 100 | |a Arellano Márquez, Rodrigo Antonio |9 878592 |e coordinador | ||
| 245 | |a Chile en veinte años. |b Un recorrido a través de los informes sobre desarrollo humano. | ||
| 250 | |a 1ª ed. | ||
| 260 | |a Santiago, Chile: |b LOM ediciones; |b PNUD, |c 2017. | ||
| 300 | |a 76 páginas. | ||
| 490 | |a Libros del Ciudadano | ||
| 583 | |k GC |c 20230109 | ||
| 650 | 0 | |a Desarrollo humano |9 349614 |z Chile | |
| 650 | |a Condiciones económicas |z Chile |9 869601 | ||
| 700 | |a Orchard Rieiro, Macarena |e coordinadora |9 879769 | ||
| 700 | |a Godoy Millie, Soledad |e coordinadora |9 879770 | ||
| 700 | |a Jiménez Albornoz, Juan |e coordinador |9 879771 | ||
| 700 | |a Zilveti Vásquez, Maya |e coordinadora |9 879772 | ||
| 942 | |2 ddc |c BK | ||
| 952 | |0 0 |1 0 |2 ddc |4 0 |6 338_910000000000000_MAR_2017 |7 0 |8 A |9 588541 |a BIBGIM |b BIBGIM |c GEN |d 2023-01-06 |e 3 |g 3723.00 |i 5656305 |l 1 |o 338.91 MAR 2017 |p 5656305 |r 2025-01-15 |s 2023-11-21 |t 1 |v 3723.00 |w 2023-01-06 |y BK |k SSL | ||